000 00950cam a2200265 4500
008 090401t1994 xxu||||| |||| 00| 0 eng d
020 _a0906182824
035 _a(Sirsi) u21033
041 _aeng
050 _a690.24
100 _aRobertson, Douglas
245 _aFacilities audit: auditing facilities management: an overview.
260 _aKingston upon Thames
_bBuilding Maintenance Information
_c1994
300 _a19p. ; 30cm.
350 _a0
490 _aSerial
_v229
490 _aBMI Special Report
520 _aThis item is part of a subsciption service and cannot be photocopied. Neither can any part of it be read out over the phone. Please contact BMI direct on 0171-222-7000 for details.
650 _aFACILITIES AUDIT
650 _aFACILITIES MANAGEMENT
_96240
690 _aBUILDING AND CONSTRUCTION-REPAIRS AND MAINTENANCE
710 _aBuilding Maintenance Information
_93229
942 _n0
948 _c04/03/1997
999 _c87912
_d87912